000 00404nam a2200157Ia 4500
008 230711s9999||||xx |||||||||||||| ||und||
041 _aENG
082 _a621.3
_bHO-E
100 _aHorn,Delton T
245 0 _aBasic electricity and electronics
250 _a1st Ed.
260 _c1993
_aNew Delhi
_bTata McGraw Hill Education Limited
300 _a510
650 _aElectrical Engineering
942 _cBK
999 _c3319
_d3319